1 joueur de Foot / 1 pays (n°1) - Statistiques

Statistiques générales
  • Ce quiz a été pris 221 fois
  • Le résultat moyen est 32 sur 50
Statistiques - réponses
Joueurs Pays % Correct
Lucas Hernandez France
93%
Shinji Kagawa Japon
91%
Heung-min Son Corée du Sud
86%
Riyad Mahrez Algérie
85%
Diego Costa Espagne
85%
Granit Xhaka Suisse
84%
Bernd Leno Allemagne
83%
Alexis Sanchez Chili
82%
Antonio Valencia Equateur
82%
Jorginho Italie
82%
Raphaël Guerreiro Portugal
82%
Jordan Pickford Angleterre
80%
Alisson Becker Brésil
80%
Stefan De Vrij Pays-Bas
80%
Denis Cherichev Russie
78%
Kostas Manolas Grèce
77%
Lukasz Piszczek Pologne
77%
Gylfi Thor Sigurdsson Islande
73%
Christian Pulisic Etats-Unis
72%
Cengiz Under Turquie
72%
Hirving Lozano Mexique
70%
Milan Skriniar Slovaquie
70%
Andrej Kramaric Croatie
69%
Cristian Zapata Colombie
67%
Younes Belhanda Maroc
67%
Ben Davies Pays de Galles
66%
Peter Gulacsi Hongrie
65%
Sead Kolasinac Bosnie-Herzégovine
64%
Salem Mohammed Al-Dawsari Arabie Saoudite
62%
Alex Iwobi Nigéria
62%
Clinton Njie Cameroun
59%
Stevan Jovetic Montenegro
59%
Mateo Musacchio Argentine
57%
Keita Baldé Sénégal
56%
Patrik Schick République Tchèque
55%
Naby Keita Guinée
51%
Matija Nastasic Serbie
50%
Mariano Diaz République Dominicaine
49%
Mathew Ryan Australie
48%
Mario Lemina Gabon
47%
Mousa Dembélé Belgique
45%
Bertrand Traoré Burkina Faso
45%
Kevin Kampl Slovénie
45%
Paolo Guerrero Pérou
39%
Pione Sisto Danemark
33%
Victor Wanyama Kenya
33%
Bryan Ruiz Costa Rica
32%
Alessandro Schöpf Autriche
30%
Jacques-Alaixys Romao Togo
29%
Marcel Tisserand RD Congo
22%
Aucun quiz correspondant
Distribution des résultats
% des personnes avec chaque résultat
Percentile par nombre de réponses
Votre historique - résultats
Vous n’avez pas pris ce quiz